Los brazos necesarios: inmigración, colonización y trabajo libre en Cuba, 1878-1898

I tiakina i:
Ngā taipitopito rārangi puna kōrero
Kaituhi matua: Balboa Navarro, Imilcy (Author)
Hōputu: Pukapuka
Reo:Pāniora
I whakaputaina: Valencia Centro Francisco Tomás y Valiente 2000
Rangatū:Biblioteca Historia Social, 6
Ngā marau:
Ngā Tūtohu: Tāpirihia he Tūtohu
Kāore He Tūtohu, Me noho koe te mea tuatahi ki te tūtohu i tēnei pūkete!

MARC

LEADER 00000nam a2200000 a 4500
001 UCN7897
003 CL-VaPUC
008 011026e20000000SP |||||||||||||||||spa|d
082 0 4 |a 304.8  |b BAL  |2 21 
100 0 |a Balboa Navarro, Imilcy  |e author  |9 464123 
245 1 4 |a Los brazos necesarios: inmigración, colonización y trabajo libre en Cuba, 1878-1898 
300 |a 266 p 
942 |c BK 
945 |d 20011026 00:00:00  |a cmena 
260 |a Valencia  |b Centro Francisco Tomás y Valiente  |c 2000 
650 7 |a INMIGRACION - CUBA  |2 CL-VaPUC  |9 464124 
650 7 |a COLONIZACION - CUBA  |2 CL-VaPUC  |9 464125 
651 7 |a CUBA  |2 CL-VaPUC  |9 255263 
583 |a last modification  |c 20011026 00:00:00  |k Rodrigo Vera 
490 0 |a Biblioteca Historia Social, 6 
999 |c 298084  |d 298082 
952 |0 0  |1 0  |4 0  |6 304_800000000000000_BAL_2000  |7 0  |8 A  |9 353417  |a BIBHIS  |b BIBHIS  |d 2019-11-21  |i 3765601  |o 304.8 BAL 2000  |p 3765601  |r 2025-01-20  |w 2019-11-21  |y BK  |k HIS